000 00936nam a2200301 i 4500
001 000030426
003 DO-SdBNP
005 20260321073645.0
007 ta
008 090331s20072000dr 000 0 spa d
020 _a1993410098
040 _aDO-SdBNP
_bspa
_cBNPHU
_erda
041 _aspa
082 4 _a972.9304
_bB742g 2007
_222
100 1 _a Bosch, Juan,
_d1909-2001
_eautor
_4aut.
_976555
245 1 3 _aLa guerra de la restauración /
_cJuan Bosch.
250 _aOctava edición.
264 1 _aSanto Domingo, República Dominicana :
_bEditora Alfa & omega,
_c2007.
300 _a259 paginas ;
_c22 cm.
336 _atexto
_btxt
_2rdacontent
337 _asin mediación
_bn
_2rdamedia
338 _avolumen
_bnc
_2rdacarrier
590 _aInventariado, 2022 / DG
651 4 _aRepública Dominicana
_xHistoria
_9170
651 4 _aRepública Dominicana
_xRestauración,
_y1863-1865
_92166
910 _aDG
942 _2ddc
_cLBS1
999 _c53637
_d53637